home page   АИС "Историко-культурное наследие Беларуси"
  Базовый | Расширенный | Профессиональный | Словарь персоналий | Тематический словарь | По видам объектов История запросов  Заказы    Регистрация

Запись в MARC-формате

копировать MARC-запись

=LDR  00000nx\\c2200253\\\45\\
=001  BY-NLB-ar6940989
=005  20160330095640.6
=100  \\$a20140114arusy50\\\\\\ca0
=152  \\$apsbo
=160  \\$ae-bw
=215  \\$aКостел Наисвятейшей Троицы (Шиловичи, агрогородок; Волковысский район)
=300  1\$aПамятник архитектуры неоготики. Построен в 1907–1914 гг. Обновлен в 1993 г.
=356  \\$aНаходится в южной части д. Шиловичи Волковысского района Гродненской области.
=415  \\$aКостел Пресвятой Троицы (Шиловичи, деревня; Волковысский район)
=415  \\$aШиловичский Троицкий костел
=415  \\$aШиловичский костел Наисвятейшей Троицы
=415  \\$aШиловичский костел Пресвятой Троицы
=515  \\$5w$3BY-NLB-ar6940985$aКасцёл Найсвяцейшай Тройцы (Шылавічы, аграгарадок; Ваўкавыскі раён)
=801  \0$aBY$bBY-HM0000$c20140114
=810  \\$aТуристская энциклопедия Беларуси. — Минск, 2007.
=810  \\$aКаталіцкія храмы на Беларусі : энцыклапедычны даведнік / А. М. Кулагін. — Мінск, 2000.
=810  \\$aКаталіцкія храмы Беларусі / А. М. Кулагін. — Мінск, 2008.
=999  \\$f2786 NLB-NDARD$t20140114
=999  \\$h1848 NLB-NDARD$t20140116

Чтобы вернуться назад, щелкните кнопку BACK на Вашем браузере